20 Largest Countries within the Tropics, with a Map - Statistics

General Stats
  • This quiz has been taken 2,930 times
  • The average score is 18 of 20
Answers on the Map
Answers color-coded by a green-red scale on the quiz's map according to % correct below.
 
Answer Stats
Area Country % Correct
2344k DRC
98%
1141k Colombia
97%
1904k Indonesia
97%
1285k Peru
96%
916k Venezuela
95%
1104k Ethiopia
94%
923k Nigeria
94%
637k Somalia
93%
1886k Sudan
93%
1284k Chad
92%
580k Kenya
92%
945k Tanzania
92%
1246k Angola
91%
1098k Bolivia
90%
622k CAR
90%
619k South Sudan
90%
752k Zambia
86%
513k Thailand
84%
475k Cameroon
81%
527k Yemen
78%
No matching quizzes found
Score Distribution
Percent of People with Each Score
Percentile by Number Answered
Your Score History
You have not taken this quiz